La ciudad sitiada
Պահպանված է:
| Հիմնական հեղինակ: | |
|---|---|
| Ձևաչափ: | Տեքստ |
| Հրապարակվել է: |
México, D.F.:
Universidad Iberoamericana. Depto. de Ciencias Sociales y Políticas
|
| Ցուցիչներ: |
Ավելացրեք ցուցիչ
Չկան պիտակներ, Եղեք առաջինը, ով նշում է այս գրառումը!
|
MARC
| LEADER | 00000 a a2200000 04500 | ||
|---|---|---|---|
| 001 | 14578 | ||
| 003 | |||
| 040 | |||
| 090 | |a 014600 | ||
| 100 | |a Rodríguez A, Alfredo | ||
| 245 | |a La ciudad sitiada | ||
| 260 | |a México, D.F.: |b Universidad Iberoamericana. Depto. de Ciencias Sociales y Políticas | ||
| 300 | |a 15 p. | ||
| 999 | |c 16905 |d 16905 | ||
